100 prénoms masculins les plus populaires au Québec - 2024 - Statistiques

Statistiques générales
  • Ce quiz a été pris 38 fois
  • Le résultat moyen est 32 sur 100
Statistiques - réponses
Réponse % Correct
Léo
78%
Thomas
78%
Gabriel
69%
Charles
63%
Lou
63%
Luca
63%
Paul
63%
Raphaël
63%
Louis
59%
Théo
59%
William
59%
Alexis
56%
Jules
56%
Samuel
56%
Adam
53%
Antoine
53%
Nathan
53%
Arthur
50%
Lucas
50%
Olivier
50%
Léon
47%
Mathis
47%
Noah
47%
Benjamin
44%
David
44%
Liam
44%
Anthony
41%
Enzo
41%
Henri
41%
Nicolas
41%
Philippe
41%
Victor
41%
Axel
38%
Charlie
38%
Zack
38%
Eli
34%
Émile
34%
Justin
34%
Laurent
34%
Ludovic
34%
Matteo
34%
Zachary
34%
Adrien
31%
Albert
31%
Édouard
31%
Elliot
31%
Ethan
31%
Félix
31%
Jack
31%
Mateo
31%
Elio
28%
Eliot
28%
Evan
28%
Jacob
28%
Maël
28%
Mathéo
28%
Tristan
28%
Xavier
28%
Clément
25%
Dylan
25%
Logan
25%
Louka
25%
Nolan
25%
Ryan
25%
Théodore
25%
Arnaud
22%
Eliott
22%
Éloi
22%
James
22%
Loïc
22%
Lyam
22%
Auguste
19%
Florent
19%
Jake
19%
Léonard
19%
Rafael
19%
Robin
19%
Ayden
16%
Isaac
16%
Malik
16%
Maverick
16%
Milan
16%
Milo
16%
Henry
13%
Hubert
13%
Jackson
13%
Jayden
13%
Rayan
13%
Caleb
9%
Kayden
9%
Owen
9%
Léandre
6%
Lionel
6%
Mayson
6%
Roméo
6%
Zayn
6%
Elias
3%
Laurier
3%
Levi
3%
Tyler
3%
Aucun quiz correspondant
Distribution des résultats
% des personnes avec chaque résultat
Percentile par nombre de réponses
Votre historique - résultats
Vous n’avez pas pris ce quiz